Optical network design and planning

সংরক্ষণ করুন:
গ্রন্থ-পঞ্জীর বিবরন
প্রধান লেখক: Simmons, Jane M (Author)
বিন্যাস: গ্রন্থ
ভাষা:ইংরেজি
প্রকাশিত: Nueva York Springer Science Business Media 2008
সংস্করন:1a. ed
মালা:Optical Networks
বিষয়গুলি:
ট্যাগগুলো: ট্যাগ যুক্ত করুন
কোনো ট্যাগ নেই, প্রথমজন হিসাবে ট্যাগ করুন!

MARC

LEADER 00000cam a2200000 a 4500
001 UCG8825
003 CL-VaPUC
008 120106e20080000US |||||||||||||||||eng|d
020 |a 9780387764757 
082 0 4 |a 621.38275  |b SIM  |2 21 
100 0 |a Simmons, Jane M  |e author  |9 560018 
245 1 0 |a Optical network design and planning 
250 |a 1a. ed 
300 |a 315 p 
942 |c BK 
945 |d 20120106 00:00:00  |a cmena 
260 |a Nueva York  |b Springer Science Business Media  |c 2008 
650 7 |a REDES  |2 CL-VaPUC  |9 366308 
650 7 |a DISEÑO DE REDES  |2 CL-VaPUC  |9 355401 
650 7 |a FIBRA OPTICA  |2 CL-VaPUC  |9 406978 
650 0 |a Arquitectura de redes   |9 472170 
583 |a last modification  |c 20120106 11:45:00  |k Rodrigo Vera 
490 0 |a Optical Networks 
999 |c 346413  |d 346411 
952 |0 0  |1 0  |4 0  |6 621_382750000000000_SIM_2008  |7 0  |8 A  |9 447097  |a BIBING  |b BIBING  |d 2019-11-22  |i 4832221  |o 621.38275 SIM 2008  |p 4832221  |r 2025-01-20  |w 2019-11-22  |y BK  |k EIE